000 00626nam a22002177a 4500
003 CO-ViMGA
005 20230915224007.0
008 150710b xxu||||| |||| 00| 0 eng d
040 _aCO-ViMGA
_bspa
_cCO-ViMGA
082 _aSIM2
_bS45g
100 1 _4Simmie, Lois
245 1 0 _aEl gato ya se va
250 _aLeer es mi cuento
260 _aBogotá
_bEdiciones Ekaré
_c2014
300 _a{26} p.
650 1 4 _aCuentos infantiles
_9487
650 1 4 _aGatosCuentos infantiles
_91751
700 1 _4Nugent, Cynthia, il.
700 1 _4Rosa, Clarisa de la, tr.
942 _2ddc
_cBK
_hI808.831 / S45g
999 _c10449
_d10449